000 00671nam a2200241 a 4500
001 0001-1295
003 ELIB.Books
008 150702 2010 eng
020 _a0849955106
035 _a(ELIB.Books)0001-1450
092 _a248
_bSwi
100 _aSwindoll, Charles R.
245 _aPerfect Trust:
_bEars to Hear, Hearts to Trust and Mind to Rest in Him.
260 _aNashville
_bJ Countryman, Thomas Nelson
_c2000
300 _a79
_c17 Cm
500 _aLibrary
650 _aChristian Life
856 _nKBTS: Library
_uKBTS: Elib
942 _2ddc
_cBK
990 _a2
998 _cbat
_e2015-07-02
_mcat
_u2019-06-01
999 _c11295
_d11295